[Event "Edmonton March of Kings op"]
[Site "Edmonton"]
[Date "2009.03.15"]
[Round "5"]
[White "Kaminski, Thomas"]
[Black "Lazo, Jan Edmund"]
[Result "0-1"]
[WhiteElo "2103"]
[BlackElo "1933"]
[PlyCount "66"]
[EventDate "2009.03.14"]
[EventType "swiss"]
[EventRounds "5"]
[EventCountry "CAN"]
[SourceTitle "EXT 2011"]
[Source "ChessBase"]
[SourceDate "2010.11.26"]
[SourceVersion "1"]
[SourceVersionDate "2010.11.26"]
[SourceQuality "1"]

1. c4 Nf6 2. Nc3 e6 3. Nf3 b6 4. d4 Bb4 5. Qc2 Bb7 6. Bd2 d5 7. cxd5 exd5 8. a3 Be7 9. e3 0-0 10. Bd3 Nbd7 11. 0-0 c5 12. dxc5 bxc5 13. b3 Rc8 14. Na4 Nb6 15. Nxb6 Qxb6 16. Ne5 Bd6 17. Bc3 d4 18. Nc4 Qc6 19. f3 dxc3 20. e4 Qc7 21. g3 Rfe8 22. Rfe1 Be5 23. Nxe5 Qxe5 24. Rad1 Rcd8 25. Bb5 Rf8 26. Qf2 Rd4 27. f4 Qc7 28. e5 Ne4 29. Qc2 Rfd8 30. Rxd4 cxd4 31. Bd3 Nd2 32. Re2 Qc6 33. Rxd2 cxd2 0-1

[Event "Edmonton March of Kings op"]
[Site "Edmonton"]
[Date "2009.03.14"]
[Round "3"]
[White "Lazo, Jan Edmund"]
[Black "Ristovic, Nenad"]
[Result "1-0"]
[WhiteElo "1933"]
[BlackElo "2312"]
[PlyCount "101"]
[EventDate "2009.03.14"]
[EventType "swiss"]
[EventRounds "5"]
[EventCountry "CAN"]
[SourceTitle "EXT 2011"]
[Source "ChessBase"]
[SourceDate "2010.11.26"]
[SourceVersion "1"]
[SourceVersionDate "2010.11.26"]
[SourceQuality "1"]

1. e4 e6 2. d4 d5 3. e5 c5 4. c3 Qb6 5. Nf3 Nc6 6. Be2 cxd4 7. cxd4 Nge7 8. Nc3 Nf5 9. Na4 Qa5+ 10. Bd2 Bb4 11. Bc3 Bxc3+ 12. Nxc3 Qb6 13. Bb5 0-0 14. Bxc6 bxc6 15. Qd2 Qa6 16. b3 Qa3 17. 0-0 Qb4 18. Rfd1 c5 19. dxc5 Qxc5 20. Na4 Qa3 21. Qc1 Qb4 22. Qd2 Qa3 23. Qa5 Bd7 24. Qc5 Qxc5 25. Nxc5 Bb5 26. Rd2 Rfc8 27. Rc1 Rc7 28. a4 Be8 29. Rdc2 Rac8 30. g4 Ne7 31. Nd4 Ng6 32. Nd3 Rxc2 33. Rxc2 Rxc2 34. Nxc2 f6 35. f4 fxe5 36. fxe5 Kf7 37. Kf2 Bd7 38. Nd4 Bc8 39. b4 Bd7 40. b5 Ke7 41. Ke3 Kd8 42. Kd2 Kc7 43. Kc3 Bc8 44. Kb4 Nf8 45. Nc5 Kb8 46. Nc6+ Ka8 47. a5 Bb7 48. Nd4 Ng6 49. Nd3 Bc8 50. Kc5 Kb7 51. Kd6 1-0

[Event "Calgary Schleinich Memorial"]
[Site "Calgary"]
[Date "2009.01.04"]
[Round "4"]
[White "Lazo, Jan Edmund"]
[Black "Yearwood, Roy"]
[Result "0-1"]
[WhiteElo "2053"]
[BlackElo "2105"]
[PlyCount "34"]
[EventDate "2009.01.02"]
[EventType "tourn"]
[EventRounds "5"]
[EventCountry "CAN"]
[SourceTitle "EXT 2011"]
[Source "ChessBase"]
[SourceDate "2010.11.26"]
[SourceVersion "1"]
[SourceVersionDate "2010.11.26"]
[SourceQuality "1"]

1. e4 Nc6 2. d4 d5 3. e5 Bf5 4. Ne2 e6 5. Ng3 Bg6 6. h4 h5 7. Bd3 Bxd3 8. Qxd3 Be7 9. c3 Bxh4 10. Nxh5 Rxh5 11. g3 g6 12. gxh4 Rxh4 13. Rg1 Rh5 14. Rxg6 Rh1+ 15. Ke2 fxg6 16. Qxg6+ Kd7 17. Bg5 Qe8 0-1